Logo BPK

Biblioteka

Politechniki Koszalińskiej

Dynamic fracture mechanics : (Rekord nr 32697)

Szczegóły MARC
000 -ETYKIETA REKORDU
podpole kontrolne o stałej długości 01167nam a2200289 i 4500
001 - NUMER KONTROLNY REKORDU
pole kontrolne bg
020 ## - MIĘDZYNARODOWY ZNORMALIZOWANY NUMER KSIĄŻKI - ISBN
ISBN 185312446X (Computational Mechanics Publications, Southampton)
020 ## - MIĘDZYNARODOWY ZNORMALIZOWANY NUMER KSIĄŻKI - ISBN
ISBN 1562523562 (Computational Mechanics Publications, Boston)
040 ## - ŹRÓDŁO KATALOGOWANIA
Instytucja, która utworzyła rekord BPK
041 0# - KOD JĘZYKA
Kod języka tekstu en
080 ## - UNIWERSALNA KLASYFIKACJA DZIESIĘTNA - UKD
UKD 519.61/.65:539.4
920 ## - Międzynarodowy znormalizowany numer książki – ISBN
ISBN 1-85312-446-X (Computational Mechanics Publications, Southampton)
920 ## - Międzynarodowy znormalizowany numer książki – ISBN
ISBN 1-56252-356-2 (Computational Mechanics Publications, Boston)
008 - POLE O STAŁEJ DŁUGOŚCI - DANE KONTROLNE
podpole kontrolne o stałej długości s pl f |000 0 pol
100 1# - NAZWA OSOBOWA
Nazwa osobowa WEN, P. H.
245 10 - TYTUŁ/ODPOWIEDZIALNOŚĆ
Tytuł Dynamic fracture mechanics :
Ciąg dalszy tytułu displacement discontinuity method /
Pozostałe elementy strefy tytułu i oznaczenia odpowiedzialności P.
Oznaczenie części/sekcji dzieła H. Wen.
260 ## - STREFA ADRESU WYDAWNICZEGO
Miejsce wydania Southampton ; Boston :
Nazwa wydawcy/dystrybutora Computational Mechanics Publications,
Data publikacji, dystrybucji/powstania dokumentu 1996.
300 ## - STREFA OPISU FIZYCZNEGO
Objętość 202 s. :
Inne cechy fizyczne rys., wykr. ;
Rozmiary 24 cm.
490 1# - STREFA SERII I DOKUMENTU WIELOCZĘŚCIOWEGO - FORMA NIE DO WYSZUKIWANIA
Tytuł i oznaczenie odpowiedzialności serii Topics in Engineering / ed. C. A. Brebbia and J. J. Connor,
ISSN 0952-5300 ;
Numeracja w obrębie serii Vol.29
504 ## - UWAGA DOTYCZĄCA BIBLIOGRAFII
Informacje o bibliografii Bibliogr. przy rozdz.
650 #9 - HASŁO PRZEDMIOTOWE W FORMIE NAZWY OGÓLNEJ LUB JEDNOSTKOWEJ
Nazwa ogólna lub geograficzna Analiza numeryczna
Określnik ogólny stosowanie
-- mechanika
650 #9 - HASŁO PRZEDMIOTOWE W FORMIE NAZWY OGÓLNEJ LUB JEDNOSTKOWEJ
Nazwa ogólna lub geograficzna Metody i |zagadnienia brzegowe
650 #9 - HASŁO PRZEDMIOTOWE W FORMIE NAZWY OGÓLNEJ LUB JEDNOSTKOWEJ
Nazwa ogólna lub geograficzna Pękanie
Określnik ogólny mechanika
650 #9 - HASŁO PRZEDMIOTOWE W FORMIE NAZWY OGÓLNEJ LUB JEDNOSTKOWEJ
Nazwa ogólna lub geograficzna Dynamika
830 #0 - HASŁO DODATKOWE SERII LUB DOKUMENTU WIELOCZĘŚCIOWEGO - TYTUŁ UJEDNOLICONY
Tytuł ujednolicony Topics in Engineering (ed. C. A. Brebbia and J. J. Connor) ;
Oznaczenie tomu Vol.29
856 ## - LOKALIZACJA I DOSTĘP DO ELEKTRONICZNYCH DOKUMENTÓW ZDALNYCH
Link (URL) http://koha.tu.koszalin.pl/cgi-bin/koha/opac-detail.pl?biblionumber=32697
Tekst linku Katalog online BPK
942 ## - DODATKOWE ELEMENTY (KOHA)
Typ dokumentu Książka
Egzemplarze
Wycofany Status egzemplarza Uszkodzony Dostępność Lokalizacja stała Lokalizacja bieżąca Miejsce przechowywania Sygnatura Kod kreskowy Typ dokumentu
      Dostępny Biblioteka Politechniki Koszalińskiej Biblioteka Politechniki Koszalińskiej Wypożyczalnia BG 41953 01293166 Książka
© 2023 Biblioteka Politechniki Koszalińskiej :: KOHA